00752nam a2200217 a 450000500170000000800410001701000130005802000250007103500130009603700150010904000180012408200060014224500740014826000370022227000720025930000330033152001040036465000330046870000190050170000140052020090909144216.0990210s1999 nyua j 000 1 eng  aB-357148 c70.00a9788190618168 aB-357148 bDBAD / PUB adplbEnglish  aS aLittle Heroes Bheema /cedited by Lata Agarwal; compiled by Tapasi De aNew Delhi bMind Melodies c2008 aA-18, Mohan Garden, Near Nawada Metro Station, bNew Delhi e110059 a32p.:c25cm(pbk) bcol. ill  aA little girl falls down a rabbit hole and discovers a world of nonsensical and amusing characters. aChildren's stories, English  aAgarwal, Lata  aTapasi De